Reliez le chanteur à son groupe de rock (Obsolète) - Statistiques

Statistiques générales
  • Ce quiz a été pris 3 615 fois
  • Le résultat moyen est 8 sur 10
Statistiques - réponses
Chanteur Groupe Réponse % Correct
Freddie Mercury Queen 2F
98%
John Lennon The Beatles 4H
96%
Kurt Cobain Nirvana 6D
93%
Sting The Police 10I
88%
Mick Jagger The Rolling Stones 7J
87%
Phil Collins Genesis 8A
81%
James Hetfield Metallica 3C
69%
Black Francis Pixies 1E
65%
Robert Plant Led Zeppelin 9B
64%
Johnny Rotten Sex Pistols 5G
60%
Aucun quiz correspondant
Distribution des résultats
% des personnes avec chaque résultat
Percentile par nombre de réponses
Votre historique - résultats
Vous n’avez pas pris ce quiz